00759nam a2200217 i 4500001000300000245007200003250001400075260002500089300003600114490007400150504002600224650001100250655002600261700001900287830006200306040000800368041000700376080001900383008004100402856009800443bg00aĆwiczenia laboratoryjne z fizyki /c[aut.] Roman Dragon [et al.]. a(Wyd. 6). aOpole :bWSI,c1996. a448 s. :brys., wykr. ;c24 cm.1 aSkrypt / Wyższa Szkoła Inżynierska w Opolu,x0860-9004 ;vnr 186 aBibliogr. przy rozdz. 9aFizyka aĆwiczenia i zadania1 aDRAGON, Roman. 0aSkrypt (Wyższa Szkoła Inżynierska w Opolu) ;vnr 186 cBPK0 apl a53(075.8)(076) s pl f |000 0 pol  uhttp://koha.tu.koszalin.pl/cgi-bin/koha/opac-detail.pl?biblionumber=24967yKatalog online BPK